Effect of seed rates and herbicides on direct seeding of senpidao rice variety at royal university of agriculture, ឥទ្ធិពលនៃកម្រិតគ្រាប់ពូជ និងថ្នាំកំចាត់ស្មៅលើពូជស្រូវសែនពិដោរព្រោះដោយម៉ស៊ីនសាបគ្រាប់នៅសាកលវិទ្យាល័យភូមិន្ទកសិកម្ម (Record no. 8073)
[ view plain ]
| 000 -LEADER | |
|---|---|
| fixed length control field | 00781nam a22001457a 4500 |
| 003 - CONTROL NUMBER IDENTIFIER | |
| control field | OSt |
| 005 - DATE AND TIME OF LATEST TRANSACTION | |
| control field | 20160616091858.0 |
| 008 - FIXED-LENGTH DATA ELEMENTS--GENERAL INFORMATION | |
| fixed length control field | 160616b xxu||||| |||| 00| 0 eng d |
| 040 ## - CATALOGING SOURCE | |
| Transcribing agency | RUA |
| 082 ## - DEWEY DECIMAL CLASSIFICATION NUMBER | |
| Classification number | AGR YE 2015 B475 O.r |
| 245 ## - TITLE STATEMENT | |
| Title | Effect of seed rates and herbicides on direct seeding of senpidao rice variety at royal university of agriculture, ឥទ្ធិពលនៃកម្រិតគ្រាប់ពូជ និងថ្នាំកំចាត់ស្មៅលើពូជស្រូវសែនពិដោរព្រោះដោយម៉ស៊ីនសាបគ្រាប់នៅសាកលវិទ្យាល័យភូមិន្ទកសិកម្ម |
| 260 ## - PUBLICATION, DISTRIBUTION, ETC. (IMPRINT) | |
| Place of publication, distribution, etc. | Phnom Penh |
| Name of publisher, distributor, etc. | RUA |
| Date of publication, distribution, etc. | 2015 |
| 300 ## - PHYSICAL DESCRIPTION | |
| Extent | xviii,59p. |
| Other physical details | ill. |
| Dimensions | 29cm. |
| 942 ## - ADDED ENTRY ELEMENTS (KOHA) | |
| Source of classification or shelving scheme | |
| Koha item type | AGR |
| Price effective from | Date last seen | Permanent Location | Not for loan | Date acquired | Source of classification or shelving scheme | Koha item type | Lost status | Withdrawn status | Date last checked out | Total Checkouts | Shelving location | Damaged status | Barcode | Current Location | Full call number |
|---|---|---|---|---|---|---|---|---|---|---|---|---|---|---|---|
| 2016-06-16 | 2016-06-16 | Library Block B | 2016-06-16 | AGR | B475 | RUA058671 | Library Block B | AGR YE 2015 B475 O.r1 | |||||||
| 2016-06-16 | 2024-12-16 | Library Block B | 2016-06-16 | AGR | 2024-11-21 | 2 | B475 | RUA057585 | Library Block B | AGR YE 2015 B475 O.r2 | |||||
| 2016-06-16 | 2016-06-16 | Library Block B | 2016-06-16 | AGR | B475 | RUA059496 | Library Block B | AGR YE 2015 B475 O.r3 | |||||||
| 2016-06-16 | 2016-06-16 | Library Block B | 2016-06-16 | AGR | B475 | RUA057008 | Library Block B | AGR YE 2015 B475 O.r4 | |||||||
| 2016-06-16 | 2016-06-16 | Library Block B | 2016-06-16 | AGR | B475 | RUA057622 | Library Block B | AGR YE 2015 B475 O.r5 | |||||||
| 2016-06-16 | 2016-06-16 | Library Block B | 2016-06-16 | AGR | B475 | RUA058976 | Library Block B | AGR YE 2015 B475 O.r6 | |||||||
| 2016-06-16 | 2016-06-16 | Library Block B | 2016-06-16 | AGR | B475 | RUA059487 | Library Block B | AGR YE 2015 B475 O.r7 | |||||||
| 2016-06-16 | 2016-06-16 | Library Block B | 2016-06-16 | AGR | B475 | RUA059637 | Library Block B | AGR YE 2015 B475 O.r8 |